J.E.T.P.U.N.K. Country Quiz #1: Longest Name - Statistics

General Stats
  • This quiz has been taken 94 times
  • The average score is 5 of 7
Answer Stats
Letters Country % Correct
J 7 Jamaica
94%
K 10 Kazakhstan / Kyrgyzstan
84%
U 18 United Arab Emirates
76%
E 16 Equatorial Guinea
67%
P 14 Papua New Guinea
67%
T 17 Trinidad and Tobago
65%
N 14 North Macedonia
56%
No matching quizzes found
Score Distribution
Percent of People with Each Score
Percentile by Number Answered
Your Score History
You have not taken this quiz